[Event "GER-chT U16 Girls"]
[Site "Magdeburg"]
[Date "2023.12.29"]
[Round "6.5"]
[White "Kremling, Alamea"]
[Black "Koeppel, Clementine"]
[Result "1/2-1/2"]
[WhiteElo "1006"]
[BlackElo "1267"]
[PlyCount "61"]
[EventDate "2023.12.26"]
[EventType "team-swiss"]
[EventRounds "7"]
[EventCountry "GER"]
[SourceTitle "CB03_2024"]
[SourceDate "2024.01.17"]
[SourceVersion "1"]
[SourceVersionDate "2024.01.17"]
[SourceQuality "1"]
[WhiteTeam "Weisse Dame"]
[BlackTeam "Oberkotzau"]
[WhiteTeamCountry "GER"]
[BlackTeamCountry "GER"]

1. d4 d5 2. c4 e6 3. Bf4 Nf6 4. e3 Nbd7 5. Nf3 Be7 6. Nc3 c6 7. Bd3 0-0 8. 0-0 Re8 9. e4 dxe4 10. Nxe4 h6 11. Ne5 Nxe4 12. Nxd7 Nxf2 13. Rxf2 Qxd7 14. Be3 Bf8 15. Qf3 Qe7 16. Raf1 f5 17. Qg3 Kh8 18. Qe5 Qd6 19. Bf4 Qxe5 20. Bxe5 Kg8 21. Be2 Bd7 22. Bh5 Red8 23. g4 Kh7 24. Rg2 g6 25. Bxg6+ Kxg6 26. gxf5+ Kh7 27. f6 c5 28. f7 cxd4 29. Rg8 Bc5 30. Rg7+ Kh8 31. Rg8+ 1/2-1/2

[Event "GER-chT U12 Girls"]
[Site "Willingen"]
[Date "2022.08.16"]
[Round "7.1"]
[White "Mueller, Ariana"]
[Black "Kremling, Alamea"]
[Result "1-0"]
[WhiteElo "975"]
[BlackElo "1077"]
[PlyCount "37"]
[EventDate "2022.08.13"]
[EventType "team-swiss"]
[EventRounds "7"]
[EventCountry "GER"]
[SourceTitle "EXT 2023"]
[Source "ChessBase"]
[SourceDate "2022.10.05"]
[SourceVersion "1"]
[SourceVersionDate "2022.10.05"]
[SourceQuality "1"]
[WhiteTeam "Altenberg"]
[BlackTeam "Weisse Dame"]
[WhiteTeamCountry "GER"]
[BlackTeamCountry "GER"]

1. e4 e5 2. Nf3 Nc6 3. Nc3 Bc5 4. Bc4 Nf6 5. d3 d6 6. Bg5 Be6 7. Bb5 a6 8. Bxc6+ bxc6 9. 0-0 d5 10. Nxe5 Qd6 11. Bxf6 gxf6 12. Nf3 Rg8 13. d4 Bh3 14. Nh4 Bb6 15. Re1 Rd8 16. exd5+ Kd7 17. Qd3 Bg4 18. h3 Bh5 19. Qf5+ 1-0

[Event "GER-chT U12 Girls"]
[Site "Willingen"]
[Date "2022.08.13"]
[Round "2.3"]
[White "Kremling, Alamea"]
[Black "Limmer, Maria"]
[Result "1-0"]
[WhiteElo "1077"]
[BlackElo "767"]
[PlyCount "51"]
[EventDate "2022.08.13"]
[EventType "team-swiss"]
[EventRounds "7"]
[EventCountry "GER"]
[SourceTitle "EXT 2023"]
[Source "ChessBase"]
[SourceDate "2022.10.05"]
[SourceVersion "1"]
[SourceVersionDate "2022.10.05"]
[SourceQuality "1"]
[WhiteTeam "Weisse Dame"]
[BlackTeam "Norderstedt"]
[WhiteTeamCountry "GER"]
[BlackTeamCountry "GER"]

1. d4 g6 2. Bf4 Nf6 3. e3 Bg7 4. Nf3 0-0 5. Bd3 d6 6. Nbd2 Nc6 7. 0-0 Be6 8. a3 Bg4 9. h3 Bxf3 10. Nxf3 Nd5 11. Bg3 Bf6 12. c4 Bg5 13. Nxg5 e6 14. cxd5 Ne7 15. dxe6 fxe6 16. Nxe6 Qe8 17. Nxf8 Qxf8 18. f4 Re8 19. Qg4 Nd5 20. Bc4 Kh8 21. Bxd5 Rxe3 22. f5 Qg8 23. Bxg8 Kxg8 24. fxg6 hxg6 25. Qxg6+ Kh8 26. Rf8# 1-0